Bahama's Trivia Quiz - Statistieken

Algemene statistieken
  • Deze quiz is 318 keer genomen
  • De gemiddelde score is 11 van 18
Antwoordstatistieken
Hint Antwoord % Correct
Landen die het dichtst bij de Bahama's liggen Verenigde Staten
96%
Landen die het dichtst bij de Bahama's liggen Cuba
91%
Land waarvan de Bahama's in 1973 onafhankelijk werden Verenigd Koninkrijk
90%
Valuta Bahamaanse Dollar
88%
Landen die het dichtst bij de Bahama's liggen Haïti
85%
Hoofdstad Nassau
85%
De Bahama's waren het eerste land in de Nieuwe Wereld dat in 1492 door deze ontdekkingsreiziger werd bezocht Christoffel Columbus
84%
Ondanks de populaire misvatting liggen de Bahama's NIET in deze zee Caribische zee
76%
Industrie die zorgt voor 50% van de BBP Toerisme
74%
Tot op het dichtstbijzijnde hele getal, wat was het percentage van de inheemse bevolking dat stierf of werd weggevoerd binnen 30 jaar na Europees contact 100%
71%
Meest populaire sport Cricket
62%
Brits grondgebied dat slechts 46 km van de Bahama's ligt {Turks} en Caicoseilanden
61%
Piratenkapitein van de "Queen Anne's Revenge" die gestationeerd was in de Bahama's Zwartbaard
35%
Dier waar toeristen mee kunnen zwemmen op Big Major Cay Varkens
34%
Voormalige koning die van 1940-1945 gouverneur van de Bahama's was Hertog van Windsor prins Eduard
29%
Vogel op het wapen Flamingo
26%
Eiland waarop de hoofdstad ligt New Providence
24%
Grootste eiland Andros
22%
Geen overeenkomende quizzen gevonden
Scoreverdeling
Procent van Mensen met Elke Score
Percentiel versus Aantal Correcte Antwoorden
Uw Scoregeschiedenis
U heeft deze quiz nog niet genomen